00650nam a2200169 a 450000500170000000800410001704000250005804100080008304400070009110000300009824502270012826000320035530000100038765000260039765000310042365000260045420200104041507.0140219b1995 ck ||||| |||| 00| 0 spa d aCO-BoIAVHcCO-BoIAVH aspa ack aArévalo Angel, Mercedes aElementos conceptuales y metodológicos para la incorporación de la perspectiva de género en el desarrollo humano sosteniblebuna propuesta para su comprensión y operacionalización en el Sistema Nacional Ambiental aBogotábMinambientec1995 a73 p. aDesarrollo sostenible aSistema Nacional Ambiental aEducación ambiental